000 01991cam a22005774i 4500
003 PE-LiUPU
005 20250731170357.0
008 150617s r 000 0 d
035 _a(Sirsi) a10243
040 _aPE-LiUPU
_bspa
_cPE-LiUPU
_erda
049 _aPRUA
082 0 4 _a190.8
_bR91
_221
100 1 _aRubio Angulo, Jaime,
_eautor.
245 1 0 _aIntroducción al filosofar /
_cJaime Rubio Angulo.
264 1 _aBogotá :
_bUniversidad Santo Tomás,
_c1980.
300 _a251 páginas :
_c21 cm..
336 _atext
_2rdacontent
337 _aunmediated
_2rdamedia
338 _avolume
_2rdacarrier
490 0 _aFilosofía a distancia
505 0 _aFilosofía y cotidianidad -- Filosofía y civilización -- El método de nuestro discurso: la intepretación -- De la interpretación a la liberación -- Estructura temática de nuestro discurso -- El filosofo -- El sujeto -- El filósofo como pedagogo -- El amante de la verdad -- Las manos sucias -- Test de autocomprobación -- Cuestionario de análisis y aplicación.
526 _aSEG68
526 _aSEG70
526 _aSEG69
526 _aSEG67
526 _aSEG43
526 _aP144
526 _aP143
526 _aP131
526 _aP122
526 _aP120
526 _aP117
526 _aP112
526 _aP110
526 _aP106
526 _aP101
526 _aP80
526 _aP59
526 _aP54
526 _aP35
526 _aP33
526 _aP30
650 0 4 _aFilosofía
_xIntroducciones.
910 _ajck
_bjvq
_cjck
_d20150616
942 _2ddc
_cBOOK
949 _a190.8 R91
_wDEWEY
_c1
_i32587
_lCCODEBUL1
_mBUL
_p00.00
_r0
_sY
_tBOOK
_u19900312
_xBIBLIOTECA
_zUNKNOWN
_0COMPRA
_o.STAFF. Colección General
994 _aC0
_bPEPRU
596 _a1
999 _a190.8 R91
_wDEWEY
_c268
_i32587
_d268
_f2021-11-4
_g5
_lCCODEBUL1
_mBUL
_q1
_r0
_sY
_tBOOK
_u2015-6-17
_xBIBLIOTECA
_zUNKNOWN
_0COMPRA
_o.STAFF. Colección General
980 _81
_gALBERTO SANCHEZ Responsable de Automatización